[Event "Oberliga Baden 2223"]
[Site "Germany"]
[Date "2022.10.09"]
[Round "2.7"]
[White "Bittner, Thomas"]
[Black "De Silva, Joel Niels"]
[Result "0-1"]
[WhiteElo "2146"]
[BlackElo "2179"]
[PlyCount "64"]
[EventDate "2022.09.18"]
[EventType "team-tourn"]
[EventRounds "9"]
[EventCountry "GER"]
[SourceTitle "EXT 2024"]
[Source "ChessBase"]
[SourceDate "2023.10.10"]
[SourceVersion "1"]
[SourceVersionDate "2023.10.10"]
[SourceQuality "1"]
[WhiteTeam "Baden-Baden III"]
[BlackTeam "Hockenheim"]
[WhiteTeamCountry "GER"]
[BlackTeamCountry "GER"]

1. e4 c5 2. Nc3 Nc6 3. g3 d6 4. Bg2 Nf6 5. d3 h5 6. h3 h4 7. Nf3 hxg3 8. fxg3 Nd4 9. Nxd4 cxd4 10. Ne2 e5 11. c3 dxc3 12. bxc3 Qb6 13. Qb3 Qa6 14. c4 Bd7 15. Rb1 Rb8 16. Nc3 d5 17. exd5 Bc5 18. Nb5 0-0 19. Ba3 Be3 20. Bxf8 Rxf8 21. Ke2 Bc5 22. Nc3 e4 23. Nxe4 Re8 24. Kd2 Nxe4+ 25. dxe4 Ba4 26. Qc3 Qh6+ 27. Ke2 b5 28. cxb5 Qh5+ 29. Bf3 Rxe4+ 30. Kf1 Qf5 31. Rh2 Rc4 32. Qxc4 Qxb1+ 0-1

[Event "Verbandsliga Nordbaden 1617"]
[Site "Baden"]
[Date "2016.12.11"]
[Round "4.7"]
[White "Vinke, Andreas"]
[Black "De Silva, Joel Niels"]
[Result "0-1"]
[WhiteElo "2173"]
[BlackElo "2047"]
[PlyCount "158"]
[EventDate "2016.10.09"]
[EventType "team-tourn"]
[EventRounds "9"]
[EventCountry "GER"]
[SourceTitle "EXT 2022"]
[Source "ChessBase"]
[SourceDate "2021.10.06"]
[SourceVersion "1"]
[SourceVersionDate "2021.10.06"]
[SourceQuality "1"]
[WhiteTeam "Karlsruhe"]
[BlackTeam "Hockenheim II"]
[WhiteTeamCountry "GER"]
[BlackTeamCountry "GER"]

1. c4 e6 2. g3 d5 3. Nf3 Nf6 4. Bg2 Be7 5. 0-0 Nbd7 6. d4 c6 7. Nbd2 b6 8. Qc2 Bb7 9. e4 dxe4 10. Nxe4 c5 11. Nxf6+ Bxf6 12. d5 0-0 13. dxe6 fxe6 14. Ng5 Bxg5 15. Bxb7 Rb8 16. Be4 h6 17. Rd1 Bxc1 18. Bc6 Qf6 19. Raxc1 Ne5 20. Bg2 Rbd8 21. f4 Ng4 22. Qe2 h5 23. Bf3 Nh6 24. Re1 Rd6 25. Qe5 Qxe5 26. Rxe5 g6 27. Rce1 Kf7 28. h3 Nf5 29. g4 Nd4 30. Be4 hxg4 31. hxg4 Kg7 32. Rg5 Rxf4 33. Rxg6+ Kf7 34. Rh6 Rxg4+ 35. Kf2 Rg7 36. Ke3 Ke7 37. Rh8 Rd8 38. Rxd8 Kxd8 39. b4 Kc7 40. bxc5 bxc5 41. Rh1 Kd6 42. Rh5 Rg3+ 43. Kd2 Ra3 44. Bb1 Nf3+ 45. Kc2 Ne5 46. Rh4 Ra4 47. Kc3 Rb4 48. Bc2 Rb7 49. Rh8 Rg7 50. Bb3 Rg3+ 51. Kc2 Nc6 52. Rh7 a6 53. Rh5 Nd4+ 54. Kb2 Kc6 55. Rh8 Rg7 56. Ra8 Kb7 57. Re8 Rg2+ 58. Kc3 Rg3+ 59. Kb2 Re3 60. Ka3 Nc6 61. Kb2 e5 62. Kc1 Rd3 63. Kc2 Rd4 64. Kc3 Kc7 65. Ba4 Na5 66. Bb3 e4 67. Re6 Kb7 68. Re7+ Kb6 69. Re6+ Ka7 70. Re7+ Kb6 71. Re6+ Kb7 72. Re7+ Kc6 73. Re6+ Kc7 74. Re5 Kd6 75. Re8 Nc6 76. Bc2 Ne5 77. Rd8+ Nd7 78. Ba4 Ke7 79. Bxd7 Kxd8 0-1

[Event "Bodensee-Cup"]
[Site "Bregenz"]
[Date "2016.04.24"]
[Round "3.8"]
[White "De Silva, Joel Niels"]
[Black "Novkovic, Julia"]
[Result "1-0"]
[WhiteElo "2074"]
[BlackElo "2146"]
[PlyCount "139"]
[EventDate "2016.04.22"]
[EventType "team-tourn"]
[EventRounds "3"]
[EventCountry "AUT"]
[SourceTitle "EXT 2018"]
[Source "ChessBase"]
[SourceDate "2017.10.13"]
[SourceVersion "1"]
[SourceVersionDate "2017.10.13"]
[SourceQuality "1"]
[WhiteTeam "Baden"]
[BlackTeam "Vorarlberg"]
[WhiteTeamCountry "GER"]
[BlackTeamCountry "AUT"]

1. e4 e5 2. Nf3 Nc6 3. Bc4 Be7 4. 0-0 Nf6 5. d3 0-0 6. Re1 d6 7. c3 a6 8. Bb3 Na5 9. Bc2 c5 10. Nbd2 Re8 11. Nf1 Bf8 12. Bg5 h6 13. Bh4 Nc6 14. Ne3 Be7 15. h3 Nh7 16. Bg3 Ng5 17. Nh2 Bf8 18. Nhf1 Be6 19. h4 Nh7 20. Qf3 Be7 21. Nd5 Rc8 22. Nxe7+ Nxe7 23. Ne3 Ng6 24. Nf5 Rc7 25. Rad1 Qd7 26. Bb1 Bxf5 27. exf5 Ne7 28. d4 exd4 29. cxd4 c4 30. Qf4 Nc8 31. Re3 Nf6 32. Qf3 Ne7 33. Rde1 Rcc8 34. Be4 Nc6 35. Rd1 d5 36. Bb1 Rxe3 37. Qxe3 Re8 38. Qf3 Qe7 39. Qc3 Ne4 40. Bxe4 Qxe4 41. f6 Qg4 42. Re1 Rxe1+ 43. Qxe1 gxf6 44. Qe8+ Kg7 45. Bd6 Qe6 46. Qf8+ Kh7 47. Bf4 f5 48. Bxh6 Qxh6 49. Qxf7+ Kh8 50. Qxb7 Qf6 51. Qxa6 Kg7 52. Qb7+ Ne7 53. a4 Kf7 54. a5 Qc6 55. Qb8 Qa6 56. Qb4 Qa7 57. Qd2 Qc7 58. h5 Qc6 59. Qe3 Qe6 60. Qd2 Nc6 61. a6 Na7 62. Qf4 Qd7 63. Qh6 Qe7 64. Qh7+ Ke6 65. Qg8+ Qf7 66. Qb8 Kf6 67. f4 Kg7 68. Kf2 Nc6 69. Qd6 Qf6 70. Qxd5 1-0

[Event "Bundesliga 1516"]
[Site "Germany"]
[Date "2016.03.12"]
[Round "10.8"]
[White "De Silva, Joel Niels"]
[Black "Thiede, Lars"]
[Result "0-1"]
[WhiteElo "2069"]
[BlackElo "2437"]
[PlyCount "102"]
[EventDate "2015.09.18"]
[EventType "team-tourn"]
[EventRounds "15"]
[EventCountry "GER"]
[SourceTitle "CBM 172"]
[Source "ChessBase"]
[SourceDate "2016.05.12"]
[SourceVersion "1"]
[SourceVersionDate "2016.05.12"]
[SourceQuality "1"]
[WhiteTeam "Hockenheim"]
[BlackTeam "Berlin SF"]
[WhiteTeamCountry "GER"]
[BlackTeamCountry "GER"]

1. e4 d6 2. d4 Nf6 3. Nc3 e5 4. dxe5 dxe5 5. Qxd8+ Kxd8 6. Bc4 Ke8 7. Nge2 c6 8. a4 a5 9. 0-0 Na6 10. Be3 Nd7 11. Rfd1 Bc5 12. Bxa6 Bxe3 13. Bxb7 Bxf2+ 14. Kxf2 Bxb7 15. Ke3 Ke7 16. b3 Nc5 17. Rd2 Rad8 18. Rad1 Rxd2 19. Rxd2 g6 20. g3 Bc8 21. Nc1 Ba6 22. Nd1 f6 23. Nf2 Ne6 24. h4 h5 25. Nfd3 Rd8 26. Ne2 Bxd3 27. Rxd3 Rxd3+ 28. Kxd3 Nc5+ 29. Ke3 f5 30. exf5 gxf5 31. Ng1 Kf6 32. Ne2 Ke6 33. Nc3 Kd6 34. Ne2 Ne6 35. Nc1 e4 36. Ne2 Ke5 37. Nc3 Nd4 38. Kd2 f4 39. gxf4+ Kxf4 40. Ne2+ Nxe2 41. Kxe2 c5 42. Kf2 e3+ 43. Ke2 Ke4 44. c3 Kf4 45. Ke1 Kf3 46. Kf1 e2+ 47. Ke1 Ke3 48. b4 axb4 49. cxb4 cxb4 50. a5 b3 51. a6 b2 0-1

[Event "Deizisau op 10th"]
[Site "Deizisau"]
[Date "2015.11.01"]
[Round "4"]
[White "De Silva, Joel Niels"]
[Black "Gheng, Josef"]
[Result "1/2-1/2"]
[WhiteElo "2069"]
[BlackElo "2328"]
[PlyCount "171"]
[EventDate "2015.10.30"]
[EventType "swiss"]
[EventRounds "7"]
[EventCountry "GER"]
[SourceTitle "CBM 169 Extra"]
[Source "ChessBase"]
[SourceDate "2015.12.18"]
[SourceVersion "1"]
[SourceVersionDate "2015.12.18"]
[SourceQuality "1"]

1. e4 c5 2. Nf3 Nc6 3. d4 cxd4 4. Nxd4 Nf6 5. Nc3 e6 6. Be3 Bb4 7. Bd3 d5 8. 0-0 Bxc3 9. bxc3 dxe4 10. Be2 Nxd4 11. cxd4 h6 12. c4 0-0 13. Qb3 b6 14. a4 Bd7 15. Ra3 Bc6 16. Rfa1 Rb8 17. Qb2 Qc7 18. Qd2 Kh7 19. Bf4 Qd7 20. Bxb8 Rxb8 21. Qe3 Rd8 22. Rd1 Bxa4 23. Rda1 b5 24. cxb5 Bxb5 25. Rxa7 Qe8 26. Bxb5 Qxb5 27. Rxf7 Qb2 28. Rd1 Qc2 29. Re1 Qd3 30. Qg3 Qxg3 31. hxg3 Rxd4 32. Re7 Rd6 33. Ra7 Kg6 34. f3 exf3 35. gxf3 Nh7 36. Kf2 Ng5 37. Ke3 Rb6 38. Ra3 Nf7 39. g4 Kf6 40. Rc1 Ne5 41. Rcc3 Rb2 42. Ra6 Rh2 43. Kf4 Rh3 44. Re3 g5+ 45. Ke4 Ng6 46. Ra7 Rh1 47. Kd4 Rd1+ 48. Kc3 Nf4 49. Kc2 Rh1 50. Kd2 Rh2+ 51. Kd1 Nd5 52. Rd3 Ke5 53. Ra4 Rh1+ 54. Kd2 Nf4 55. Re4+ Kf6 56. Ra3 Rh2+ 57. Ke1 h5 58. gxh5 Nxh5 59. Rg4 Nf4 60. Ra4 Nd3+ 61. Kf1 Rf2+ 62. Kg1 Rxf3 63. Ra8 Kf5 64. Rga4 Nf4 65. R4a5+ Kg4 66. Rg8 Nh3+ 67. Kh2 Rf2+ 68. Kh1 Re2 69. Ra4+ Nf4 70. Ra5 e5 71. Re8 Nd3 72. Ra3 Rd2 73. Rxd3 Rxd3 74. Rxe5 Kf4 75. Ra5 g4 76. Kg2 Rd2+ 77. Kg1 Kg3 78. Ra3+ Kh4 79. Rb3 Rd4 80. Kg2 Ra4 81. Rc3 Ra2+ 82. Kg1 Ra4 83. Kg2 g3 84. Rc8 Ra2+ 85. Kg1 Rd2 86. Rb8 1/2-1/2

[Event "Verbandsliga Nordbaden 1415"]
[Site "Baden"]
[Date "2015.02.08"]
[Round "6.3"]
[White "De Silva, Joel Niels"]
[Black "Hubel, Merten"]
[Result "1/2-1/2"]
[WhiteElo "2023"]
[BlackElo "2048"]
[PlyCount "112"]
[EventDate "2014.10.12"]
[EventType "team-tourn"]
[EventRounds "9"]
[EventCountry "GER"]
[SourceTitle "EXT 2022"]
[Source "ChessBase"]
[SourceDate "2021.10.06"]
[SourceVersion "1"]
[SourceVersionDate "2021.10.06"]
[SourceQuality "1"]
[WhiteTeam "Hockenheim II"]
[BlackTeam "Birkenfeld"]
[WhiteTeamCountry "GER"]
[BlackTeamCountry "GER"]

1. e4 c5 2. Nf3 e6 3. c3 Nf6 4. d3 d6 5. Be2 g6 6. 0-0 Bg7 7. Nbd2 0-0 8. Rb1 b6 9. b3 Nh5 10. Bb2 Nf4 11. Re1 g5 12. Nf1 Bb7 13. Ne3 Nd7 14. c4 Bxb2 15. Rxb2 f5 16. Qc2 g4 17. Nd2 Qg5 18. Bf1 Rf6 19. g3 Ng6 20. f4 gxf3 21. Nxf3 Qh6 22. Bg2 Nde5 23. Nxe5 Nxe5 24. exf5 Bxg2 25. Qxg2 Raf8 26. Rbe2 exf5 27. Nd5 R6f7 28. Nf4 Kh8 29. Rf1 Qf6 30. Kh1 Ng6 31. Qf3 Nxf4 32. Qxf4 Re7 33. Rfe1 Rxe2 34. Rxe2 Rf7 35. Kg2 Kg7 36. Kf3 h6 37. h3 Qa1 38. Kg2 Qd1 39. Qf3 Qc1 40. h4 Qa1 41. Qf4 Qf6 42. Kf3 Qg6 43. d4 h5 44. Qg5 cxd4 45. Qxg6+ Kxg6 46. Rd2 Kf6 47. Rxd4 Ke6 48. a4 Rf8 49. Rd5 Rf7 50. Kf4 Rg7 51. a5 Rg4+ 52. Kf3 bxa5 53. Rxa5 Rg7 54. Rd5 Rb7 55. Rd3 Ke5 56. Rd5+ Ke6 1/2-1/2

[Event "Heusenstamm Schloss op 1st"]
[Site "Heusenstamm"]
[Date "2014.11.22"]
[Round "4"]
[White "De Silva, Joel Niels"]
[Black "Alber, Horst"]
[Result "1/2-1/2"]
[WhiteElo "2018"]
[BlackElo "2305"]
[PlyCount "42"]
[EventDate "2014.11.20"]
[EventType "swiss"]
[EventRounds "7"]
[EventCountry "GER"]
[SourceTitle "CBM 163 Extra"]
[Source "ChessBase"]
[SourceDate "2014.12.23"]
[SourceVersion "1"]
[SourceVersionDate "2014.12.23"]
[SourceQuality "1"]

1. e4 g6 2. d4 Bg7 3. Nc3 d6 4. Nf3 Nf6 5. Be2 0-0 6. 0-0 c6 7. Bg5 Nbd7 8. Qd2 e5 9. Rad1 Re8 10. dxe5 dxe5 11. Qd6 Bf8 12. Qd2 Qe7 13. a3 Nc5 14. Qe3 Ne6 15. Bh4 Nf4 16. Bc4 h6 17. h3 g5 18. Bg3 b5 19. Bb3 a5 20. Rfe1 Ba6 21. Nh2 Qa7 1/2-1/2

[Event "Wasselonne op"]
[Site "Wasselonne"]
[Date "2014.08.07"]
[Round "1"]
[White "Bauer, Christian"]
[Black "De Silva, Joel Niels"]
[Result "1-0"]
[WhiteElo "2658"]
[BlackElo "2021"]
[PlyCount "73"]
[EventDate "2014.08.07"]
[EventType "swiss"]
[EventRounds "7"]
[EventCountry "FRA"]
[SourceTitle "CBM 162 Extra"]
[Source "ChessBase"]
[SourceDate "2014.10.17"]
[SourceVersion "1"]
[SourceVersionDate "2014.10.17"]
[SourceQuality "1"]

1. Nf3 d5 2. g3 Nf6 3. Bg2 c6 4. 0-0 Nbd7 5. d3 e5 6. c4 Bd6 7. cxd5 Nxd5 8. b3 0-0 9. Bb2 Qe7 10. a3 N7b6 11. Nbd2 f6 12. Qc2 Be6 13. d4 Bf7 14. e4 Nc7 15. dxe5 fxe5 16. Nh4 Be6 17. Ndf3 Nd7 18. Rfd1 Rad8 19. b4 a5 20. bxa5 Na6 21. Nf5 Bxf5 22. exf5 Nac5 23. Nd2 Bc7 24. Nc4 Qf6 25. Bh3 Qh6 26. Kg2 Qf6 27. Bc3 Na6 28. Ne3 Qf7 29. Rab1 Ndc5 30. Bg4 Qe7 31. Be2 Rxd1 32. Rxd1 Rd8 33. Rxd8+ Qxd8 34. Bxa6 Nxa6 35. Qb3+ Kh8 36. Qxb7 Nc5 37. Qxc6 1-0

[Event "Verbandsliga Nord Baden 1314"]
[Site "Germany"]
[Date "2014.01.12"]
[Round "4.5"]
[White "De Silva, Joel Niels"]
[Black "Richter, Georg"]
[Result "1-0"]
[WhiteElo "1994"]
[BlackElo "2186"]
[PlyCount "83"]
[EventDate "2013.10.20"]
[EventType "team-tourn"]
[EventRounds "9"]
[EventCountry "GER"]
[SourceTitle "EXT 2015"]
[Source "ChessBase"]
[SourceDate "2014.11.20"]
[SourceVersion "1"]
[SourceVersionDate "2014.11.20"]
[SourceQuality "1"]
[WhiteTeam "Lindenhof"]
[BlackTeam "Leimen"]
[WhiteTeamCountry "GER"]
[BlackTeamCountry "GER"]

1. e4 d6 2. d4 Nf6 3. Bd3 g6 4. c3 Bg7 5. f4 0-0 6. Nf3 c5 7. d5 a6 8. a4 Qa5 9. Nbd2 b5 10. 0-0 Bb7 11. Qe2 Nbd7 12. Kh1 Rfc8 13. Bc2 Qc7 14. Re1 b4 15. c4 e6 16. dxe6 fxe6 17. Ng5 Re8 18. Ndf3 Nf8 19. Rb1 e5 20. f5 h6 21. Nh3 gxf5 22. exf5 Qf7 23. Be3 Qh5 24. Rf1 e4 25. Nfg1 Qxe2 26. Nxe2 Rad8 27. Nhf4 Ng4 28. Bg1 Ne5 29. b3 Nc6 30. Rbd1 e3 31. Nh5 Be5 32. f6 Kf7 33. Bd3 Nd4 34. Nxd4 Bxd4 35. Rde1 Ng6 36. Ng7 Nh4 37. Re2 Nxg2 38. Rxg2 e2 39. Bg6+ Kf8 40. Re1 Bc3 41. Nxe8 Bxe1 42. Be3 1-0

[Event "Baden-ch U16"]
[Site "Karlsruhe"]
[Date "2014.01.06"]
[Round "7"]
[White "De Silva, Joel Niels"]
[Black "Gschnitzer, Adrian"]
[Result "0-1"]
[WhiteElo "1994"]
[BlackElo "1983"]
[PlyCount "120"]
[EventDate "2014.01.??"]
[EventType "swiss"]
[EventRounds "7"]
[EventCountry "GER"]
[SourceTitle "EXT 2022"]
[Source "ChessBase"]
[SourceDate "2021.10.06"]
[SourceVersion "1"]
[SourceVersionDate "2021.10.06"]
[SourceQuality "1"]

1. e4 c5 2. Nf3 Nc6 3. d4 cxd4 4. Nxd4 g6 5. c4 Bg7 6. Be3 Nf6 7. Nc3 Ng4 8. Qxg4 Nxd4 9. Qd1 Ne6 10. Qd2 0-0 11. Be2 d6 12. Rc1 Nc5 13. f3 a5 14. 0-0 Be6 15. Kh1 b6 16. b3 f5 17. Bd3 f4 18. Bf2 g5 19. Nb5 h5 20. Nd4 Bc8 21. Bb1 e5 22. Nb5 Rf6 23. Nc3 Ra7 24. Rcd1 Kh7 25. Qb2 Rg6 26. a3 g4 27. b4 axb4 28. axb4 Ne6 29. Nd5 g3 30. Bxb6 Qh4 31. Bg1 Ng5 32. Rd2 Nh3 33. gxh3 Bxh3 34. Rg2 Ra3 35. b5 Qg5 36. b6 h4 37. Qe2 Bxg2+ 38. Qxg2 Rb3 39. h3 Rb2 40. Bc2 Rxc2 41. Rb1 Rxg2 42. Kxg2 Re6 43. b7 Re8 44. b8Q Rxb8 45. Rxb8 Qg6 46. Rb6 Qe8 47. Rb2 Qc6 48. Rc2 Qa4 49. Re2 Qxc4 50. Rb2 Kg6 51. Rd2 Qc1 52. Re2 Bf6 53. Ra2 Bd8 54. Re2 Ba5 55. Ne7+ Kh5 56. Nd5 Bd2 57. Nf6+ Kg6 58. Nd5 Qd1 59. Nc3 Bxc3 60. Ra2 Bd4 0-1

[Event "Baden-ch U16"]
[Site "Karlsruhe"]
[Date "2014.01.03"]
[Round "4"]
[White "De Silva, Joel Niels"]
[Black "Ehmann, Thilo"]
[Result "1-0"]
[WhiteElo "1994"]
[BlackElo "1921"]
[PlyCount "152"]
[EventDate "2014.01.??"]
[EventType "swiss"]
[EventRounds "7"]
[EventCountry "GER"]
[SourceTitle "EXT 2022"]
[Source "ChessBase"]
[SourceDate "2021.10.06"]
[SourceVersion "1"]
[SourceVersionDate "2021.10.06"]
[SourceQuality "1"]

1. e4 c5 2. Nf3 Nc6 3. d4 cxd4 4. Nxd4 g6 5. Nc3 Bg7 6. Be3 Nf6 7. f3 0-0 8. Qd2 d5 9. 0-0-0 dxe4 10. Nxc6 Qxd2+ 11. Rxd2 bxc6 12. Nxe4 Nd5 13. Bc5 Re8 14. c4 Nb6 15. Kc2 Be6 16. b3 Bh6 17. Rd1 Nd7 18. Bd4 f5 19. Nc5 Nxc5 20. Bxc5 a5 21. Re1 Kf7 22. Bd3 Bd7 23. Re2 e5 24. Rhe1 Bg7 25. Bd6 a4 26. b4 a3 27. Bxe5 Bf8 28. Bc3 Rxe2+ 29. Rxe2 Rb8 30. c5 Be6 31. Re1 Bd5 32. g4 fxg4 33. fxg4 Bxa2 34. Rf1+ Ke6 35. Re1+ Kf7 36. Rf1+ Ke6 37. Ra1 Bd5 38. Rxa3 Rb7 39. Ra8 Kf7 40. Ra1 Be7 41. Rf1+ Ke6 42. Re1+ Kf7 43. Be4 Bxe4+ 44. Rxe4 Rb8 45. Kd3 Rb7 46. Kc4 Rb8 47. Be5 Rb7 48. h3 Bg5 49. Bf4 Be7 50. g5 Bd8 51. h4 Be7 52. Be5 Rd7 53. Bc3 Rb7 54. Bf6 Bf8 55. Bd8 Bg7 56. Bf6 Bf8 57. Rd4 h6 58. Rf4 hxg5 59. hxg5 Ke6 60. Re4+ Kd7 61. Rh4 Ke6 62. Rh8 Rb8 63. Rg8 Kf5 64. Rh8 Ke6 65. Rh4 Rb7 66. Rd4 Rb8 67. Re4+ Kf7 68. Rh4 Ke6 69. Rh8 Kf7 70. Rh7+ Ke6 71. Rc7 Kf5 72. Rxc6 Rb7 73. b5 Bg7 74. b6 Bxf6 75. gxf6 g5 76. Rc7 Rb8 1-0

[Event "Liberec op 14th"]
[Site "Liberec"]
[Date "2013.10.30"]
[Round "6"]
[White "Paldus, Petr"]
[Black "De Silva, Joel Niels"]
[Result "0-1"]
[WhiteElo "2007"]
[BlackElo "1915"]
[PlyCount "152"]
[EventDate "2013.10.26"]
[EventType "swiss"]
[EventRounds "9"]
[EventCountry "CZE"]
[SourceTitle "EXT 2014"]
[Source "ChessBase"]
[SourceDate "2013.11.20"]
[SourceVersion "1"]
[SourceVersionDate "2013.11.20"]
[SourceQuality "1"]

1. e4 c5 2. Nf3 Nc6 3. g3 g6 4. Bg2 Bg7 5. 0-0 d6 6. c3 e5 7. Na3 Nge7 8. h3 0-0 9. Nc2 d5 10. exd5 Nxd5 11. d4 cxd4 12. cxd4 e4 13. Ne5 f5 14. f4 Bxe5 15. dxe5 Qb6+ 16. Kh2 Be6 17. Qe2 Rf7 18. Ne3 Ndb4 19. b3 Nd4 20. Qf2 Nd3 21. Qd2 Rd7 22. Ba3 Nxe5 23. Qc3 Nef3+ 24. Bxf3 Nxf3+ 25. Rxf3 exf3 26. Bb2 Kf8 27. Ba3+ Kf7 28. Bb2 Rf8 29. g4 Qd6 30. Kg3 fxg4 31. hxg4 Ke8 32. Qe5 Qxe5 33. Bxe5 Bd5 34. Re1 Kf7 35. g5 Rc8 36. Rh1 Ke6 37. Re1 Kf7 38. Rh1 Kf8 39. Nxd5 Rxd5 40. Rxh7 Rc2 41. Kxf3 Rd3+ 42. Ke4 Rd1 43. Rxb7 Re2+ 44. Kf3 Rxa2 45. Rg7 Ra6 46. Rh7 Rd3+ 47. Ke4 Rxb3 48. Rc7 Rbb6 49. Rh7 Ra4+ 50. Kd3 Rb3+ 51. Kc2 Rb6 52. Rc7 Re6 53. Rh7 Rc6+ 54. Kd3 Rcc4 55. f5 Ra5 56. Rh8+ Kf7 57. Rh7+ Ke8 58. Rh8+ Kd7 59. Rh7+ Ke8 60. Rh8+ Kd7 61. Rh7+ Kc8 62. Rh8+ Kb7 63. Bd4 Rxf5 64. Bf6 Rc8 65. Rh6 Rg8 66. Rh7+ Kb6 67. Kc4 a5 68. Rh6 Rb5 69. Bd4+ Kc6 70. Rh2 Rxg5 71. Rc2 Kd7 72. Rd2 Ke6 73. Be3 Re5 74. Kd3 Rd8+ 75. Ke2 g5 76. Rb2 g4 0-1

[Event "Liberec op 14th"]
[Site "Liberec"]
[Date "2013.10.28"]
[Round "4"]
[White "Litvinova, Oxana"]
[Black "De Silva, Joel Niels"]
[Result "0-1"]
[WhiteElo "1726"]
[BlackElo "1915"]
[PlyCount "136"]
[EventDate "2013.10.26"]
[EventType "swiss"]
[EventRounds "9"]
[EventCountry "CZE"]
[SourceTitle "EXT 2014"]
[Source "ChessBase"]
[SourceDate "2013.11.20"]
[SourceVersion "1"]
[SourceVersionDate "2013.11.20"]
[SourceQuality "1"]

1. e4 c5 2. Nc3 Nc6 3. f4 e6 4. Bc4 a6 5. a4 Nge7 6. e5 Ng6 7. g3 d5 8. Bf1 b6 9. Bg2 Bb7 10. Nf3 Be7 11. d3 h5 12. h4 Rc8 13. Ne2 Qc7 14. c3 Rd8 15. d4 a5 16. Bh3 cxd4 17. Nexd4 Nxd4 18. Nxd4 Ba6 19. Be3 Bc5 20. Qb1 Ne7 21. Rh2 Bxd4 22. Bxd4 Nc6 23. Rd2 Nxd4 24. Rxd4 Rc8 25. Qc1 Qd7 26. Qe3 g6 27. Kf2 0-0 28. Rad1 Rc5 29. b4 axb4 30. Rxb4 Rfc8 31. Rc1 Qc6 32. Bg2 b5 33. axb5 Bxb5 34. Bf3 Ba6 35. Rb3 Bc4 36. Ra3 Rb8 37. Rc2 Qb5 38. Ra1 Bd3 39. Be2 Bxe2 40. Qxe2 Qb3 41. Rac1 Rbc8 42. Qd2 Qc4 43. Qe3 Qa4 44. Qd3 Rc4 45. Kf3 Qc6 46. Ke2 d4 47. Kd2 Rd8 48. Ke2 Qd5 49. Rd1 Rdc8 50. Rdc1 Rd8 51. Rd1 dxc3 52. Qxd5 exd5 53. Rd3 d4 54. Kf3 Rb8 55. Ke4 Rbb4 56. f5 gxf5+ 57. Kxf5 Rb3 58. Kg5 Rb2 59. Rc1 c2 60. Rd2 d3 61. Kh6 Rb6+ 62. Kxh5 Rb1 63. Rcxc2 dxc2 64. Rd8+ Kg7 65. e6 fxe6 66. Rd7+ Kf6 67. g4 Rxg4 68. Rc7 Rxh4+ 0-1

[Event "Liberec op 14th"]
[Site "Liberec"]
[Date "2013.10.26"]
[Round "1"]
[White "De Silva, Joel Niels"]
[Black "Hanus, Jan"]
[Result "1-0"]
[WhiteElo "1915"]
[BlackElo "1430"]
[PlyCount "57"]
[EventDate "2013.10.26"]
[EventType "swiss"]
[EventRounds "9"]
[EventCountry "CZE"]
[SourceTitle "EXT 2014"]
[Source "ChessBase"]
[SourceDate "2013.11.20"]
[SourceVersion "1"]
[SourceVersionDate "2013.11.20"]
[SourceQuality "1"]

1. e4 c5 2. Nf3 g6 3. d4 Bg7 4. c3 cxd4 5. cxd4 e6 6. Nc3 Ne7 7. Be2 0-0 8. 0-0 a6 9. Be3 f5 10. Qd2 Re8 11. Bh6 Bh8 12. Bg5 Nbc6 13. exf5 exf5 14. d5 Qa5 15. dxc6 bxc6 16. Bc4+ d5 17. Nxd5 Qxd2 18. Nxe7+ Kf8 19. Nxd2 Rxe7 20. Bxe7+ Kxe7 21. Rfe1+ Kf8 22. Nf3 Rb8 23. Rad1 Bb7 24. Ng5 Bxb2 25. Nxh7+ Kg7 26. Rd7+ Kh6 27. Nf8 Ba3 28. Rh7+ Kg5 29. Ne6+ 1-0

[Event "Verbandsliga Nord Baden 1314"]
[Site "Germany"]
[Date "2013.10.20"]
[Round "1.5"]
[White "Nonnenmacher, Eberhard"]
[Black "De Silva, Joel Niels"]
[Result "1-0"]
[WhiteElo "2285"]
[BlackElo "1915"]
[PlyCount "81"]
[EventDate "2013.10.20"]
[EventType "team-tourn"]
[EventRounds "9"]
[EventCountry "GER"]
[SourceTitle "EXT 2015"]
[Source "ChessBase"]
[SourceDate "2014.11.20"]
[SourceVersion "1"]
[SourceVersionDate "2014.11.20"]
[SourceQuality "1"]
[WhiteTeam "Heidelberg"]
[BlackTeam "Lindenhof"]
[WhiteTeamCountry "GER"]
[BlackTeamCountry "GER"]

1. e4 e5 2. Bc4 Nf6 3. d3 c6 4. Nf3 d6 5. 0-0 Bg4 6. h3 Bh5 7. Re1 Be7 8. Nbd2 0-0 9. a4 Nbd7 10. Nf1 Qc7 11. Ba2 Rad8 12. Ng3 Bg6 13. Nh4 d5 14. Nhf5 Bc5 15. Qf3 Qa5 16. Be3 Bxe3 17. Qxe3 dxe4 18. dxe4 Qc5 19. Qe2 a5 20. Rad1 Nb6 21. b3 Qb4 22. f3 Bxf5 23. Nxf5 g6 24. Qe3 Nbd7 25. Qg5 Qc5+ 26. Kh2 Kh8 27. Nd6 Qb4 28. Re2 Kg7 29. Red2 Kh8 30. Rd3 Kg7 31. c3 Qb6 32. h4 Kg8 33. Nc4 Qc7 34. b4 axb4 35. cxb4 b5 36. axb5 cxb5 37. Nd6 Qb6 38. Nf5 Qc7 39. Rd6 Nh5 40. Rxg6+ Kh8 41. Rh6 1-0

[Event "Rheinland Pfalz op 5th"]
[Site "Worms"]
[Date "2013.06.01"]
[Round "6"]
[White "Rosenberger, Frank"]
[Black "De Silva, Joel Niels"]
[Result "1/2-1/2"]
[WhiteElo "2143"]
[BlackElo "1863"]
[PlyCount "42"]
[EventDate "2013.05.30"]
[EventType "swiss"]
[EventRounds "7"]
[EventCountry "GER"]
[SourceTitle "EXT 2014"]
[Source "ChessBase"]
[SourceDate "2013.11.20"]
[SourceVersion "1"]
[SourceVersionDate "2013.11.20"]
[SourceQuality "1"]

1. e4 e5 2. Nf3 Nc6 3. Bc4 Nf6 4. d3 Bc5 5. c3 d6 6. b4 Bb6 7. a4 a5 8. b5 Ne7 9. 0-0 0-0 10. Bb3 Ng6 11. Bg5 h6 12. Be3 Bxe3 13. fxe3 d5 14. exd5 Nxd5 15. Qe1 Be6 16. Bc2 Bg4 17. Na3 Bxf3 18. Rxf3 Nh4 19. Rh3 Ng6 20. Nc4 Re8 21. Rc1 Re6 1/2-1/2

[Event "Hofheim Spring op-B 1st"]
[Site "Hofheim"]
[Date "2013.04.06"]
[Round "7"]
[White "De Silva, Joel Niels"]
[Black "Weber, Samuel"]
[Result "1-0"]
[WhiteElo "1842"]
[BlackElo "1721"]
[PlyCount "79"]
[EventDate "2013.04.02"]
[EventType "swiss"]
[EventRounds "9"]
[EventCountry "GER"]
[SourceTitle "EXT 2018"]
[Source "ChessBase"]
[SourceDate "2017.10.13"]
[SourceVersion "1"]
[SourceVersionDate "2017.10.13"]
[SourceQuality "1"]

1. e4 c5 2. Nf3 Nc6 3. d4 cxd4 4. Nxd4 Nf6 5. Nc3 e5 6. Ndb5 d6 7. Bg5 a6 8. Na3 b5 9. Nd5 Be7 10. Bxf6 Bxf6 11. c3 Ne7 12. Nc2 Nxd5 13. exd5 g6 14. a4 Bd7 15. axb5 axb5 16. Rxa8 Qxa8 17. Na3 Qa4 18. Qxa4 bxa4 19. Bb5 Bxb5 20. Nxb5 Kd7 21. Kd2 Bg5+ 22. Kc2 f5 23. Ra1 Rb8 24. c4 Ra8 25. Nc3 e4 26. Nxa4 Ke7 27. b4 f4 28. g3 Bf6 29. Ra2 e3 30. fxe3 fxe3 31. Kd3 Bg5 32. Nc3 Re8 33. h4 Bh6 34. Ne2 g5 35. h5 g4 36. Ra7+ Kf6 37. Rxh7 Bg5 38. Rd7 Ke5 39. Rg7 Bf6 40. Rxg4 1-0

[Event "Hofheim Spring op-B 1st"]
[Site "Hofheim"]
[Date "2013.04.05"]
[Round "6"]
[White "Jayakumar, Nivesh"]
[Black "De Silva, Joel Niels"]
[Result "0-1"]
[WhiteElo "1613"]
[BlackElo "1842"]
[PlyCount "77"]
[EventDate "2013.04.02"]
[EventType "swiss"]
[EventRounds "9"]
[EventCountry "GER"]
[SourceTitle "EXT 2018"]
[Source "ChessBase"]
[SourceDate "2017.10.13"]
[SourceVersion "1"]
[SourceVersionDate "2017.10.13"]
[SourceQuality "1"]

1. e4 c5 2. d4 b6 3. Bc4 Bb7 4. Qe2 cxd4 5. c3 Nc6 6. Nf3 e6 7. e5 Bc5 8. Bg5 Qc7 9. 0-0 h6 10. Bh4 a6 11. Rd1 b5 12. Bb3 Qb6 13. Qd3 Na5 14. cxd4 Nxb3 15. Qxb3 Bd5 16. Qe3 Bb4 17. Nc3 Bxc3 18. Qxc3 g5 19. Bg3 Ne7 20. Rdc1 b4 21. Qe3 Nf5 22. Qd3 g4 23. Ne1 Qxd4 24. Qc2 Ke7 25. Qc7 Ra7 26. Qc5+ Qxc5 27. Rxc5 Nxg3 28. hxg3 a5 29. a3 bxa3 30. bxa3 Rb8 31. Nc2 d6 32. Rc3 dxe5 33. Ne3 h5 34. Nxd5+ exd5 35. Rc6 f6 36. f4 e4 37. Rd1 Rd8 38. Rd4 Rd6 39. Rc8 0-1